| Tag |
First Indicator |
Second Indicator |
Subfields |
| LEADER |
00000cas a2200000 a 4500 |
| 001 |
in00000845430 |
| 005 |
20151019064221.0 |
| 008 |
770620d19661983dcuar1 s f0uuua0eng |
| 010 |
|
|
|a gp 85016554
|
| 010 |
|
|
|a 79644864
|
| 012 |
|
|
|a 4
|
| 022 |
0 |
|
|a 0192-1991
|
| 035 |
|
|
|a (OCoLC)03075249
|
| 035 |
|
|
|9 AEC8258AM
|
| 037 |
|
|
|b Supt. of Docs., U.S. Govt. Print. Off., Washington, D.C. 20402
|
| 040 |
|
|
|a DLC
|c GPO
|d DLC
|d NSD
|d DLC
|d GPO
|d HUL
|d GPO
|d MvI-ocs
|d MvI-ocs
|d UtOrBLW
|
| 042 |
|
|
|a lc
|a nsdp
|
| 043 |
|
|
|a n-us---
|
| 050 |
|
0 |
|a HE9803.A5
|b A56
|
| 074 |
|
|
|a 177-A-1 (microfiche)
|
| 082 |
0 |
|
|a 387.7/1
|
| 086 |
0 |
|
|a C 31.259:
|
| 086 |
0 |
|
|a CAB 1.22:
|
| 222 |
|
0 |
|a Aircraft operating cost and performance report
|
| 245 |
0 |
0 |
|a Aircraft operating cost and performance report for calendar years ... and ...
|
| 264 |
|
1 |
|a Washington, D.C. :
|b Financial and Cost Analysis Division, Office of Economic Analysis, Civil Aeronautics Board :
|c [1967-1984]
|
| 264 |
|
2 |
|a Washington, D.C. :
|b For sale by the Supt. of Docs., U.S. G.P.O.,
|
| 300 |
|
|
|a volumes ;
|c 22 x 28-22 x 36 cm.
|
| 310 |
|
|
|a Annual
|
| 336 |
|
|
|a text
|b txt
|2 rdacontent
|
| 337 |
|
|
|a unmediated
|b n
|2 rdamedia
|
| 338 |
|
|
|a volume
|b nc
|2 rdacarrier
|
| 362 |
0 |
|
|a [Vol. 1] (1965 and 1966)-[v. 18] (1982 and 1983).
|
| 500 |
|
|
|a Previously classed: C 31.259:
|
| 500 |
|
|
|a Agency abolished in 1985. Board transferred to Department of Transportation.
|
| 550 |
|
|
|a Vols. for 1965/66-76/77 issued by Civil Aeronautics Board, Bureau of Accounts and Statistics (for 1965/66-1968/69 by its Costs and Statistics Division; 1969/70 by its Accounting, Cost, and Statistics Division; 1970/71-1971/72 by its Statistical Division; 1972/73-1975/76 by its Economic Evaluation Division; 1976/77 by its Financial Analysis and Cost Division); 1977/78- by Office of Economic Analysis, Financial and Cost Analysis Division.
|
| 650 |
|
0 |
|a Airlines
|z United States
|x Cost of operation
|x Statistics
|x Periodicals.
|
| 650 |
|
0 |
|a Airplanes
|x Cost of operation
|x Periodicals.
|
| 710 |
1 |
|
|a United States.
|b Civil Aeronautics Board.
|b Financial and Cost Analysis Division.
|
| 710 |
1 |
|
|a United States.
|b Civil Aeronautics Board.
|b Financial Analysis and Cost Division.
|
| 710 |
1 |
|
|a United States.
|b Civil Aeronautics Board.
|b Costs and Statistics Division.
|
| 710 |
1 |
|
|a United States.
|b Civil Aeronautics Board.
|b Accounting, Cost, and Statistics Division.
|
| 710 |
1 |
|
|a United States.
|b Civil Aeronautics Board.
|b Statistical Division.
|
| 710 |
1 |
|
|a United States.
|b Civil Aeronautics Board.
|b Economic Evaluation Division.
|
| 999 |
|
|
|a MARS
|
| 999 |
f |
f |
|s 5151dffe-2b20-3034-b4a2-bfe101e48504
|i 3928a11d-4b13-3511-897e-1c10e98c998e
|t 0
|
| 952 |
f |
f |
|p normal
|a Texas A&M University
|b College Station
|c Sterling C. Evans Library
|d Evans: US Documents (Annex 5th floor)
|t 0
|e C 31.259:
|h Superintendent of Documents classification
|i unmediated -- volume
|k v.2
|l 1966/1967
|m A14838582562
|
| 952 |
f |
f |
|p normal
|a Texas A&M University
|b College Station
|c Sterling C. Evans Library
|d Evans: US Documents (Annex 5th floor)
|t 0
|e C 31.259:
|h Superintendent of Documents classification
|i unmediated -- volume
|k v.10
|l 1974/1975
|m A14838582724
|
| 952 |
f |
f |
|p normal
|a Texas A&M University
|b College Station
|c Sterling C. Evans Library
|d Evans: US Documents (Annex 5th floor)
|t 0
|e C 31.259:
|h Superintendent of Documents classification
|i unmediated -- volume
|k v.5
|l 1969/1970
|m A14819440117
|
| 952 |
f |
f |
|p normal
|a Texas A&M University
|b College Station
|c Sterling C. Evans Library
|d Evans: US Documents (Annex 5th floor)
|t 0
|e C 31.259:
|h Superintendent of Documents classification
|i unmediated -- volume
|k v.3
|l 1967/1968
|m A14819440109
|
| 952 |
f |
f |
|p normal
|a Texas A&M University
|b College Station
|c Sterling C. Evans Library
|d Evans: US Documents (Annex 5th floor)
|t 0
|e CAB 1.22:
|h Superintendent of Documents classification
|i unmediated -- volume
|k v.18
|l 1984
|m A14814879476
|
| 952 |
f |
f |
|p normal
|a Texas A&M University
|b College Station
|c Sterling C. Evans Library
|d Evans: US Documents (Annex 5th floor)
|t 0
|e CAB 1.22:
|h Superintendent of Documents classification
|i unmediated -- volume
|k v.14
|l 1978/1979
|m A14818331608
|
| 952 |
f |
f |
|p normal
|a Texas A&M University
|b College Station
|c Sterling C. Evans Library
|d Evans: US Documents (Annex 5th floor)
|t 0
|e C 31.259:
|h Superintendent of Documents classification
|i unmediated -- volume
|k v.7
|l 1971/1972
|m A14818331991
|
| 952 |
f |
f |
|p normal
|a Texas A&M University
|b College Station
|c Sterling C. Evans Library
|d Evans: US Documents (Annex 5th floor)
|t 0
|e C 31.259:
|h Superintendent of Documents classification
|i unmediated -- volume
|k v.9
|l 1973/1974
|m A14818332044
|
| 952 |
f |
f |
|p normal
|a Texas A&M University
|b College Station
|c Sterling C. Evans Library
|d Evans: US Documents (Annex 5th floor)
|t 0
|e C 31.259:
|h Superintendent of Documents classification
|i unmediated -- volume
|k v.6
|l 1970/1971
|m A14838582643
|
| 952 |
f |
f |
|p normal
|a Texas A&M University
|b College Station
|c Sterling C. Evans Library
|d Evans: US Documents (Annex 5th floor)
|t 0
|e C 31.259:
|h Superintendent of Documents classification
|i unmediated -- volume
|k v.11
|l 1975/1976
|m A14829559154
|
| 952 |
f |
f |
|p normal
|a Texas A&M University
|b College Station
|c Sterling C. Evans Library
|d Evans: US Documents (Annex 5th floor)
|t 0
|e CAB 1.22:
|h Superintendent of Documents classification
|i unmediated -- volume
|k v.13
|l 1977/1978
|m A14818335107
|
| 952 |
f |
f |
|p normal
|a Texas A&M University
|b College Station
|c Sterling C. Evans Library
|d Evans: US Documents Microfiche (3rd floor)
|t 0
|e CAB 1.22:
|h Superintendent of Documents classification
|i unmediated -- volume
|k v.16
|l 1980/1981
|m A14837667432
|
| 952 |
f |
f |
|p normal
|a Texas A&M University
|b College Station
|c Sterling C. Evans Library
|d Evans: US Documents (Annex 5th floor)
|t 0
|e C 31.259:
|h Superintendent of Documents classification
|i unmediated -- volume
|k v.8
|l 1972/1973
|m A14838582685
|
| 952 |
f |
f |
|p normal
|a Texas A&M University
|b College Station
|c Sterling C. Evans Library
|d Evans: US Documents (Annex 5th floor)
|t 0
|e C 31.259:
|h Superintendent of Documents classification
|i unmediated -- volume
|k v.4
|l 1968/1969
|m A14838582601
|
| 952 |
f |
f |
|p normal
|a Texas A&M University
|b College Station
|c Sterling C. Evans Library
|d Evans: US Documents (Annex 5th floor)
|t 0
|e CAB 1.22:
|h Superintendent of Documents classification
|i unmediated -- volume
|k v.15
|l 1979/1980
|m A14818331551
|
| 952 |
f |
f |
|p normal
|a Texas A&M University
|b College Station
|c Sterling C. Evans Library
|d Evans: US Documents (Annex 5th floor)
|t 0
|e C 31.259:
|h Superintendent of Documents classification
|i unmediated -- volume
|k v.1
|l 1965/1966
|m A14838582520
|
| 952 |
f |
f |
|p normal
|a Texas A&M University
|b College Station
|c Sterling C. Evans Library
|d Evans: US Documents (Annex 5th floor)
|t 0
|e CAB 1.22:
|h Superintendent of Documents classification
|i unmediated -- volume
|k v.12
|l 1976/1977
|m A14818331616
|
| 952 |
f |
f |
|p normal
|a Texas A&M University
|b College Station
|c Sterling C. Evans Library
|d Evans: US Documents Microfiche (3rd floor)
|t 0
|e CAB 1.22:
|h Superintendent of Documents classification
|i unmediated -- volume
|k v.17
|l 1981/1982
|m A14837667482
|
| 998 |
f |
f |
|a C 31.259:
|s v.1-11 (1965/1966-1975/1976)
|t 0
|l Evans: US Documents (Annex 5th floor)
|
| 998 |
f |
f |
|a CAB 1.22:
|s v.18 (1982/1983)
|t 0
|l Evans: US Documents (Annex 5th floor)
|
| 998 |
f |
f |
|a CAB 1.22:
|s v.16-17 (1980/1981-1981/1982)
|t 0
|l Evans: US Documents Microfiche (3rd floor)
|